00946nam a2200229 u 450000100100000000500170001000800410002704000250006804100390009308200170013210000290014924000770017824501320025526000550038730000280044253401020047065000300057265000280060265000290063070000400065999900170069900002084020200930011156.0100818s1964 sp a 000 0 spa d aDO-SdBNPbspacBPJMB17aspahger2Código de idiomas MARC a610.9bG549d1 aGlasscheib, H. S.94367714aDas labyrinth der medizin. Irrwege und trimphe der heilkunde.lEspañol13aEl laberinto de la medicina :berrores y triunfos de la terapéutica /cH. S. Glasscheib ; traducción Emilio Donato Prunera. aBarcelona, (España) :bEdiciones Destino,c1964. a360 p. :bil. ;c25 cm. aTítulo de la versión original :tDas labyrinth der medizin. Irrwege und trimphe der heilkunde 4aMedicinaxHistoria918676 4aMedicina antigua943678 4aLiteratura medica9436791 aDonato Prunera, Emilio,etr.943680 c20343d20343